Same Last Name II Quiz Stats

 Plays Quiz Updated Jul 2, 2018

     
Support Sporcle.
Go Orange.
Score 0/26 Timer 05:00
5 Plays Today
First Names Last Name % Correct
Amy, Hugh, UlyssesGrant
93.5%
Robin, Vanessa, VenusWilliams
89.9%
Brian, Chandra, WoodrowWilson
88.7%
Adam, Mae, KanyeWest
86.7%
Neil, Lance, LouisArmstrong
85.8%
Tom, Davy, NorahJones
85.7%
Ed, Emmylou, Neil PatrickHarris
85%
Henry, Gerald, Harrison Ford
82.8%
Jason, Tommy, BruceLee
82.7%
Will, Patti, EmmittSmith
80.9%
Wes, Clive, PamelaAnderson
79.4%
Hugh, Sinéad, Sandra DayO'Connor
78.4%
Michael, Roger, JulianneMoore
75.1%
First Names Last Name % Correct
Tim, Debbie, WoodyAllen
68.7%
Jennifer, Kate, HenryHudson
68.2%
Fred, Roy, KennyRogers
62.2%
Anne, Bill, Chad MichaelMurray
62.2%
Jack, Betty, JaleelWhite
57%
Henry, Kevin, EttaJames
54.9%
Scott, Emma, KenanThompson
53.6%
Jimmy, Aaron, NellCarter
46.5%
John, Ted, HowardHughes
36.7%
Meredith, James L., AlbertBrooks
32.9%
Tony, Linda, BonnieBlair
28.5%
James, Molly, GordonBrown
24.1%
John, Scott, DouglasAdams
16.6%

From the Vault

EuropeSIDE DOWN

by mrsmith

This map might make you wish you had the neck-craning abilities of a very flexible owl.
Remove Ads.
Support Sporcle.
Get the best of Sporcle when you Go Orange. This ad-free experience offers more features, more stats, and more fun while also helping to support Sporcle. Thank you for becoming a member.

Show Comments

Extras

Top Quizzes Today


Score Distribution

Your Account Isn't Verified!

In order to create a playlist on Sporcle, you need to verify the email address you used during registration. Go to your Sporcle Settings to finish the process.

Report this User

Report this user for behavior that violates our Community Guidelines.

Details: